000 00804cam8a220024100 4500
001 qce01035423
005 20190823083142.0
008 750806s1948 cau b 000 0 eng
010 _a 48002520
035 _a(Sirsi) r53783
035 _a(QCAT)lss00935032
035 _a(UPRA)qce01035423
040 _dUPRA
050 0 _aQH311
_b.H73
082 _a574.04
100 1 _aHolmes, Samuel J. (Samuel Jackson), 1868-
_qHolmes, Samuel J. (Samuel Jackson), 1868-
_dHolmes, Samuel J. (Samuel Jackson), 1868-
_6A12532.1
245 1 0 _aOrganic form and related biological problems.
260 _aBerkeley :
_bUniv. of California Press,
_c1948.
504 _a"References": p. 155-163.
650 0 _aBiology.
_6S245.1
949 _aQH311
_wlcc
_i33729000318647
_mMAIN
_p2500
_tBOOK
_lON-SHELF
004 53783
999 _c139252
_d139252